000 01256nam0a2200313 4500
001 RU\NLR\PR\ONL\13731859
005 20260208075654.0
035 _a(NLR Aleph) 022715731
090 _a13545280
_c13545280
100 _a20260202d1941 u y0rusy50 ca
101 0 _alit
102 _aLT
105 _ay z 000yy
181 0 _ai
_baxxe
182 0 _an
200 1 _aKas reikia žinoti komisijoms valstybės kreditui ir taupymui remtiapie trečiojo penkmečio paskolą (ketvirtų metų laida)
203 _aТекст
_bвизуальный
_cнепосредственный
210 0 1 _aKaunas
_cLTSR valstybine leidykla
_d1941
215 _a29 p.
_d15
541 1 _aЧто нужно знать комиссиям содействия государственному кредиту и сберегательному делу о займе третьей пятилетки (выпуск четвертого года)
_zrus
606 1 _aГосударственные займы
_91475953
_3RU\NLR\AUTH\66318565
686 1 _aУ9(2)261.63
801 0 _aRU
_bNLR
852 0 0 _aNLR
942 _cBOOK
_cBOOK
945 _aРоссийская национальная библиотека
980 _aBV
980 _aNB